Tyagaraja Krities visualised (Record no. 85302)

MARC details
000 -LEADER
fixed length control field 00807cam a2200265 4500
001 - CONTROL NUMBER
control field sa 68013733
003 - CONTROL NUMBER IDENTIFIER
control field DLC
005 - DATE AND TIME OF LATEST TRANSACTION
control field 20260227112624.0
008 - FIXED-LENGTH DATA ELEMENTS--GENERAL INFORMATION
fixed length control field 691202s1966 ii a 00010 eng
010 ## - LIBRARY OF CONGRESS CONTROL NUMBER
LC control number sa 68013733 /MN/r882
025 ## - OVERSEAS ACQUISITION NUMBER
Overseas acquisition number PL480:I-E-10457
041 0# - LANGUAGE CODE
Language code of text/sound track or separate title engtel
050 0# - LIBRARY OF CONGRESS CALL NUMBER
Classification number ML410.T98
Item number S7
082 ## - DEWEY DECIMAL CLASSIFICATION NUMBER
Classification number 784/.0924
100 10 - MAIN ENTRY--PERSONAL NAME
Personal name Srinivasarao, N.,
Dates associated with a name 1891-
245 10 - TITLE STATEMENT
Title Tyagaraja Krities visualised
Statement of responsibility, etc. [by] N. Srinivasarao.
250 ## - EDITION STATEMENT
Edition statement [1st ed.]
260 0# - PUBLICATION, DISTRIBUTION, ETC.
Place of publication, distribution, etc. Berhampur,
Name of publisher, distributor, etc. Ganjam [dist.,
Date of publication, distribution, etc. 1966]
300 ## - PHYSICAL DESCRIPTION
Extent vii, 62, viii, ii p.
Other physical details illus. (part col.)
Dimensions 23 cm.
350 ## - PRICE (NR) (BK AM CF MU VM SE) [OBSOLETE]
Price 12.00
500 ## - GENERAL NOTE
General note Includes selected musical compositions of Tyagaraja Swami.
500 ## - GENERAL NOTE
General note English and Telugu.
600 00 - SUBJECT ADDED ENTRY--PERSONAL NAME
Personal name Tyāgarāja,
Titles and other words associated with a name Swami,
Dates associated with a name 1767-1847.
700 00 - ADDED ENTRY--PERSONAL NAME
Personal name Tyāgarāja,
Titles and other words associated with a name Swami,
Dates associated with a name 1767-1847.

No items available.

Powered by Koha